Word Play with Country Names Quiz Stats

 Plays Quiz Updated Jun 23, 2013

Challenge
Share
Tweet
Embed
Score 0/27 Timer 07:00
0 Plays Today
% Correct
CHINA
84.9%
MOZAMBIQUE
84.2%
CUBA
83.1%
IRAQ
82.8%
MACEDONIA
81.7%
TONGA
80.4%
TUVALU
80.2%
SERBIA
80%
SINGAPORE
78.3%
BAHRAIN
77.7%
GREECE
74.2%
MALI
73.1%
FRANCE
72.5%
CAMEROON
70.3%
% Correct
UKRAINE
69.7%
TOGO
69.1%
BOLIVIA
69.1%
LIBERIA
68.2%
GERMANY
66.1%
ISRAEL
65.8%
PERU
64.2%
ANDORRA
63.9%
ESTONIA
53.3%
SAN MARINO
51.9%
MICRONESIA
48.8%
VIETNAM
45.9%
DENMARK
39.5%

You're not logged in!

Compare scores with friends on all Sporcle quizzes.
Join for Free
OR
Log In

You Might Also Like...

Show Comments

Extras

Top Quizzes Today


Score Distribution

Your Account Isn't Verified!

In order to create a playlist on Sporcle, you need to verify the email address you used during registration. Go to your Sporcle Settings to finish the process.

Report this User

Report this user for behavior that violates our Community Guidelines.

Details: